000 00416nam a2200157Ia 4500
003 GCL
008 140319s9999 xx 000 0 ara d
040 _aGCL /
_cGCL
082 0 4 _aد
_b050
100 1 _aحسن محمود
245 1 0 _aدستويفسكى :حياتة المضطربة (اقرا 5) /
_cحسن محمود
300 _a127
490 _aاقرأ
_v0
650 0 4 _aدستويفسكى
942 _2ddc
_cBK
999 _c48625
_d48625